| 000 | 00755nam a22002417a 4500 | ||
|---|---|---|---|
| 005 | 20220423113224.0 | ||
| 008 | 220423b ||||| |||| 00| 0 eng d | ||
| 040 | _cAloy | ||
| 041 | _aeng | ||
| 082 |
_223 _a952 _bINTJ |
||
| 100 |
_aInternational Society for Educational Information _931307 |
||
| 245 | _aJapan of today | ||
| 250 | _a3rd ed | ||
| 260 |
_aJapan _bInternational Society for Educational Information Inc. _c1996 |
||
| 300 |
_avii,157 p. _bPB _c22x15 cm |
||
| 650 |
_aHistory of Japan _931299 |
||
| 650 |
_aGovernment and Diplomacy _931300 |
||
| 650 |
_aEconomy _931301 |
||
| 650 |
_aCulture _931302 |
||
| 650 |
_aScience and Technology _931303 |
||
| 700 |
_aINTERNATIONAL SOCIETY FOR EDUCATIONAL INFORMATION _931304 |
||
| 942 |
_2ddc _cGF |
||
| 999 |
_c222580 _d222580 |
||